000 00870nmc a2200301 a 4500
003 AR-BaBNM
005 20251128204129.0
008 285019s1983 ||||||||||||||000 | spa||
020 _a950-25-0124-1
040 _cAR-BaBNM
245 1 0 _aHistoria de ciudades
_bMendoza
260 _aBuenos Aires
_bCentro Editor de América Latina
_c1983
300 _a91 p.
_bil.
490 0 _aHistoria testimonial Argentina: Documentos vivos de nuestro pasado
_vv. 4
650 4 _aHISTORIA ARGENTINA
650 4 _aHISTORIA MENDOCINA
650 4 _aHISTORIA
650 4 _aCOSTUMBRES
650 4 _aCIUDADES
650 4 _aDESARROLLO URBANO
650 4 _aDOCUMENTOS
650 4 _aMATERIAL FUENTE
700 1 _aGuaycochea de Onofri, Rosa
_ecompilador
800 1 _aBertoni, Lilia Ana
_edirector
800 1 _aRomero, Luis Alberto
_edirector
942 _cBK
998 _cMARCE
999 _c6290
_d6290